书目信息 |
| 题名: |
该赔还是不该赔
|
|
| 作者: | 华山 主编 | |
| 分册: | ||
| 出版信息: | 北京 长虹出版公司 2005 |
|
| 页数: | 239页 | |
| 开本: | 21cm | |
| 丛书名: | ||
| 单 册: | ||
| 中图分类: | D922.284.5 | |
| 科图分类: | ||
| 主题词: | 保险--理赔--案例--分析--中国 | |
| 电子资源: | ||
| ISBN: | 7-80063-142-7 | |
| 000 | 01250nam0 2200325 450 | |
| 000 | 01213nam0 2200313 450 | |
| 000 | 01208nam0 2200325 450 | |
| 000 | 01154nam0 2200301 450 | |
| 000 | 01150nam0 2200289 450 | |
| 000 | 01113nam0 2200277 45 | |
| 001 | TS2006027514 | |
| 005 | 20061216101149.04 | |
| 010 | @a7-80063-142-7@dCNY16.00 | |
| 100 | @a20060829d2005 ekmy0chiy0120 ea | |
| 101 | 0 | @achi |
| 102 | @aCN@b110000 | |
| 105 | @ay z 000yy | |
| 200 | 1 | @a该赔还是不该赔@AGai Pei Hai Shi Bu Gai Pei@e保险理赔疑难案例选编100例@EBao Xian Li Pei Yi Nan An Li Xuan Bian 100 Li@f华山主编@FHua Shan Zhu Bian |
| 210 | @a北京@c长虹出版公司@d2005 | |
| 215 | @a239页@d21cm | |
| 314 | @a华山,1964年出生,男,江苏无锡人,经济学硕士。 | |
| 330 | @a本书摘取了经法院判决后的100个保险疑难案例,对其分析利弊、点评得失。全书分为人身保险部分、财产保险部分两篇。 | |
| 517 | 1 | @a保险理赔疑难案例选编百例@ABao Xian Li Pei Yi Nan An Li Xuan Bian Bai Li |
| 606 | 0 | @a保险@x理赔@x案例@x分析@y中国 |
| 690 | @aD922.284.5@v4 | |
| 701 | 0 | @a华山@AHua Shan@4主编 |
| 801 | 0 | @aCN@b中图数据@c20061216 |
| 905 | @a10447@dD922.284.5@e552 | |
| 该赔还是不该赔:保险理赔疑难案例选编100例/华山主编.-北京:长虹出版公司,2005 |
| 239页;21cm |
| ISBN 7-80063-142-7:CNY16.00 |
| 本书摘取了经法院判决后的100个保险疑难案例,对其分析利弊、点评得失。全书分为人身保险部分、财产保险部分两篇。 |
| ● |
| 相关链接 |
|
|
|
|
正题名:该赔还是不该赔
索取号:D922.284.5/552
 
预约/预借
| 序号 | 登录号 | 条形码 | 馆藏地/架位号 | 状态 | 备注 |
| 1 | 0601027 | 206010270 | 第一样本阅览室/ [索取号:D922.284.5/552] | 在馆 | |
| 2 | 0601028 | 206010289 | 第一借阅区/ [索取号:D922.284.5/552] | 在馆 | |
| 3 | 0601029 | 206010298 | 第一借阅区/ [索取号:D922.284.5/552] | 在馆 |